00450nam a2200181Ia 4500003000400000005001700004006001900021007000300040008004100043024001100084037001300095040001800108041001300126100001900139245008400158260000900242300001700251OSt20221007083244.0a|||||r|||| 00| 0 ta221006b |||||||| |||| 00| 0 eng d a38,460 cTheseses aFLLcFLLbeng 2engaeng aKumar Rekha A. 0aVictims of rape in Indian criminal justice system b study of law and policy  c2005 axi,320pccm.